00770nam a2200193 a 450000100100000000500170001000800410002704000250006808200160009310000390010924500870014825000110023526000680024630000210031459000260033570000540036195201440041599900170055900004920620240316073906.0190729s1986 dr r 000 0 spa d aDO-SdBNPbspacBNPHU axxxxbD542l1 aDíaz Castillo, Bienvenido92252910aLecturas selectas /cBienvenido Díaz Castillo ; prólogo Marcio Veloz Maggiolo. a5a ed. aSanto Domingo :bLibrería y Papelería El Estudiante,c1986. a201 p. ;c18 cm. aInventariado, 2019/BT1 aVeloz Maggiolo, Marcio,d1936-2021epról.91104 0010718PDaPDbPDcHDd2019-07-29iLF1l0oxxxx D542lp49207-10r2020-06-25w2020-06-25yLFPDzDonado por Tomás E. Ceara.ZNo se presta c48694d48694